000 00205 a2200097 4500
001 45964
100 _aRobinson B
245 _aThe science
260 _aLondon
_bMacmillan & Co
_c
090 _c29081
_d29081
942 _aNUST-CAE
_cM
_c21204
999 _c281037
_d281037